Veterinary Research | BMC

ग्रंथसूची विवरण
स्वरूप: इलेक्ट्रोनिक पत्रिका
भाषा:English
प्रकाशित: Cambridge University Press
ऑनलाइन पहुंच:Full text available on Research4Life (HINARI,AGORA,OARE,ARDI & GOALI)
LEADER 00766cas a2200181 a 4500
001 AALejournalResearch4Life005307
008 240902c9999 xx r poo 0 0eng d
022 |a 12979716 
022 |a 9284249 
040 |a BD-DhAAL  |c BD-DhAAL 
245 0 0 |h [electronic resource]  |a Veterinary Research | BMC 
260 |b Cambridge University Press 
300 |a 1 online resource 
362 0 |a 2011 - current issue 
500 |a <strong>On-Campus Access Only (IP based access)</strong> 
506 |a Electronic access restricted to authorized BRAC University faculty, staff and students 
538 |a Mode of access: Internet 
856 4 0 |z Full text available on Research4Life (HINARI,AGORA,OARE,ARDI & GOALI)  |u https://login.research4life.org/tacsgr1veterinaryresearch_biomedcentral_com/